000 01243cam a2200325 a 4500
999 _c28548
_d28519
001 3014901
003 EG-ScBUE
005 20200810092249.0
008 941018t1994 okua f b 001 0 eng d
020 _a0878144293
020 _a9780878144297
040 _aDLC
_beng
_erda
_cDLC
_dDLC
_dEG-ScBUE
082 0 4 _a622.338068
_bCRE
_222
245 0 0 _aCreating the high performance international petroleum company :
_bdinosaurs can fly /
_cEtienne Deffarges [and nineteenth others] ; John Elting Treat, editor.
264 1 _aTulsa, Oklahoma :
_bPennWell Publishing Company,
_c[1994]
264 4 _cc1994
300 _axxii, 350 pages :
_billustrations ;
_c24 cm
336 _2rdacontent
_atext
_btxt
337 _2rdamedia
_aunmediated
_bn
338 _2rdacarrier
_avolume
_bnc
504 _aIncludes bibliographical references and index.
650 7 _aPetroleum industry and trade
_xManagement.
_2BUEsh
653 _bBUSADM
_cJuly2020
655 _vReading book
_934232
700 1 _aDeffarges, Etienne,
_eauthor.
700 1 _aTreat, John Elting,
_eeditor.
906 _a7
_bcbc
_corignew
_d1
_eocip
_f19
_gy-gencatlg
942 _2ddc
_cBB